000 00473nam a2200181Ia 4500
001 18743
005 20260306171653.0
008 260306s9999||||xx |||||||||||||| ||und||
041 _aESP
082 _a658.5
_bCH526A
100 _aChase, Richard B.
_eAUT
245 0 _aAdministración de la producción y operaciones para una ventaja competitiva
260 _c2005
300 _a848 páginas :
_cfigs.
650 _aGEN
654 _aCAN
942 _cLIB
_dJUS
_fJUS
_2ddc
_n
999 _c18743
_d18743